00946nam a2200277 a 4500001000400000003000800004005001700012008003900029035001700068035001800085040002700103041000800130082002400138100004100162245005100203250005600254260003000310300003200340504003000372650002700402650003600429700004100465942001200506999001300518952013700531514BD-RjUL20211208233207.0720817s1961 enk 001 0 eng a(BD-RjUL)531 a(OCoLC)384277 aDLCcPPDdUkdDLCbeng aeng00219a020.2bBRM 19611 aBrown, James Duff,d1862-1914.9158110aManual of library economy /cJames Duff Brown. a7th ed., completely rewritten by R. Northwood Lock. aLondon :bGrafton,c1961. axii, 307 p. :bill.c23 cm. aBibliography: p. 242-256. 0aLibrary science.91582 0aLibrarieszGreat Britain.915831 aLock, Reginald Northwood,eed.91584 2ddccBK c514d514 00102ddc40718NFICaRUCLbRUCLcreadingd0000-00-00eNot foundg0.00l0o020.2 BRM 1961r2013-11-18 00:00:00tC-1w2013-11-18yBK